Tous les pays sans « e » - Combien en trouverez-vous ? - Statistiques

Statistiques générales
  • Ce quiz a été pris 143 fois
  • Le résultat moyen est 42 sur 60
Statistiques - réponses
Pays sans « e » % Correct
Canada
94%
Japon
94%
Maroc
88%
Chili
84%
Laos
81%
Portugal
81%
Irak
80%
Paraguay
80%
Uruguay
80%
Iran
79%
Afghanistan
78%
Kazakhstan
77%
Oman
77%
Togo
77%
Vatican
77%
Liban
76%
Monaco
76%
Qatar
76%
Haïti
73%
Honduras
73%
Kirghizistan
73%
Kosovo
72%
Soudan
72%
Fidji
71%
Mali
71%
Pakistan
71%
Cuba
70%
Panama
70%
Rwanda
70%
Angola
69%
Bhoutan
69%
Soudan du Sud
69%
Tadjikistan
69%
Costa Rica
68%
Burundi
67%
Djibouti
65%
Ghana
65%
Guyana
65%
Madagascar
65%
Samoa
65%
Vanuatu
64%
Nicaragua
63%
Ouganda
63%
Palaos
63%
Tonga
62%
Bahamas
61%
Gabon
60%
Nauru
60%
Pays-Bas
60%
Botswana
59%
Burkina Faso
59%
Kiribati
59%
Taïwan
59%
Tuvalu
59%
Tchad
58%
Saint-Marin
57%
Salvador
57%
Sri Lanka
56%
Singapour
51%
Malawi
50%
Aucun quiz correspondant
Distribution des résultats
% des personnes avec chaque résultat
Percentile par nombre de réponses
Votre historique - résultats
Vous n’avez pas pris ce quiz